00738nam a22002057a 450000500170000000800410001702000220005808200200008010000270010024501130012725000180024026000420025830000280030050400190032854100090034765000490035665000640040570000290046970000340049820230220060917.0230220b |||||||| |||| 00| 0 eng d a978-1-305-86862-5 a005.5 M745 2016 aMonk, Ellen F.eauthor aProblem-solving cases in microsoft access, and excel /cEllen F. Monk, Joseph A, Brady, Emilio I. Mendelsohn a14th ann. ed. aAustralia: bCengage Learning,cc2016 axii, 244p.: bcol. ill. aIncludes index e5739 aMicrosoft Access - Problems, exercises, etc. aMicrosoft Excel (Computer file) - Problems, exercises, etc. aBrady, Joseph A.eauthor aMendelsohn, Emilio I.eauthor